[Event "23rd Hoogeveen Open 2019"]
[Site "Hoogeveen"]
[Date "2019.10.22"]
[Round "5.22"]
[White "Dev, Shah"]
[Black "De Boer, Bas"]
[Result "1-0"]
[WhiteElo "2025"]
[BlackElo "2142"]
[Annotator "TA"]
[PlyCount "93"]
[EventDate "2019.10.19"]
[EventType "swiss"]
[EventCountry "NED"]
[SourceTitle "playchess.com"]
[Source "ChessBase"]
[SourceQuality "1"]

{[%evp 15,93,27,28,16,9,-6,65,-19,-18,-13,0,-38,-23,-37,-29,-93,-47,-41,-28,-29,0,-54,9,-127,-128,-127,-125,-145,-135,-137,-12,-11,-32,-16,-10,-38,10,16,28,-66,-65,-69,-26,-310,-322,-378,-147,-401,-401,-386,-396,-347,-341,-512,-519,-457,-235,-220,-237,-234,-233,-175,-140,-134,-65,-87,-77,-165,1025,1025,1024,1004,1706,1654,2287,1782,2539,2441,29979,29979]} 1. d4 d5 2. c4 c6 3. Nc3 Nf6 4. Nf3 dxc4 5. a4 Bf5 6. Ne5 Nbd7 7. Nxc4 Nb6 8. Ne5 a5 9. f3 {D17: Slav Defence: 5 a4 Bf5: Lines with 6 Nh4 and 6 Ne5} Nfd7 10. e4 Bg6 (10... Nxe5 $11 11. exf5 Ned7) 11. Be2 $146 (11. Be3 $14) ({Predecessor:} 11. Be3 e6 12. h4 f6 13. Nxg6 hxg6 14. Qb3 e5 15. O-O-O exd4 16. Bxd4 Qc7 {½-½ (50) Lputian,S (2627)-Sokolov,I (2684) Bled 2002}) 11... Nxe5 $11 12. dxe5 Qxd1+ 13. Kxd1 (13. Nxd1 {keeps more tension.} e6 14. Bd2 Bc5 15. Nf2 Bd4 16. Nd3) 13... e6 14. Be3 Nd7 15. f4 (15. Bf4 $11) 15... Bb4 16. Bf3 O-O-O 17. Ke2 Nc5 18. g4 ({Better is} 18. Na2 $11 Nb3 19. Rad1) 18... f6 (18... Bxc3 $15 19. Bxc5 Rd2+ 20. Ke3 Rhd8) 19. Bxc5 (19. exf6 $11 {keeps the balance.} gxf6 20. Na2 Nxe4 21. Nxb4 axb4 22. Bb6) 19... Bxc5 $17 20. exf6 gxf6 21. Rac1 Kb8 22. Rhd1 e5 ({Black should try} 22... Bd4 $17 23. f5 Bf7) 23. f5 $1 $11 Bf7 $36 {[%mdl 2048] Hoping for ...Bd4. Black has the initiative.} 24. Nd5 Bd4 25. Nxf6 (25. Rxd4 $5 cxd5 26. Rdd1 $15) 25... Bb3 26. Rd2 Bxa4 27. Rh1 (27. g5 $11) 27... Bb5+ $15 28. Ke1 a4 29. Rg2 $2 {[%mdl 8192]} (29. Be2 $11 {and White is okay.}) 29... Rd6 $1 $19 30. Nh5 Bc5 $2 (30... Rhd8 $19 31. Rc2 Bd3) 31. g5 $2 {[%mdl 8192]} (31. Rc2 $17 {was forced.} b6 32. Be2) 31... Rd3 32. Be2 Re3 33. Ng3 Rd8 34. f6 (34. h4 $142) 34... a3 35. bxa3 Ba4 (35... Rxa3 $142 {( -> ...Ra1+)} 36. Bxb5 Bb4+ 37. Kf1 Rd1+ 38. Kf2 Rd2+ 39. Ne2 (39. Be2 $2 Bc5+ 40. Ke1 Rb2 $19) 39... Bc5+ 40. Ke1 Rb2 $1 {[%mdl 512]}) 36. Kf1 {intending Rf2.} Rxa3 {...Ra1+ is the strong threat.} 37. Rf2 Bxf2 38. Kxf2 b5 39. h4 b4 (39... Kc7 $17 {Threatens to win with ...Bb3.} 40. h5 Rf8) 40. h5 $1 $15 Bb3 41. Rb1 (41. Nf5 $17) 41... c5 $4 {[%mdl 8192] [#]} (41... Bf7 $19 42. Rxb4+ Kc7) 42. Rxb3 $1 $18 {[%mdl 512]} Rxb3 43. g6 Ra3 44. g7 Ra7 45. Bc4 b3 46. Bxb3 Ra6 47. f7 {Accuracy: White = 39%, Black = 27%.} 1-0

[Event "23rd Hoogeveen Open 2019"]
[Site "Hoogeveen"]
[Date "2019.10.22"]
[Round "5.23"]
[White "Sparenberg, Erik"]
[Black "Garcia Morales, Ivette Ale"]
[Result "1-0"]
[WhiteElo "2142"]
[BlackElo "2013"]
[Annotator "TA"]
[PlyCount "77"]
[EventDate "2019.10.19"]
[EventType "swiss"]
[EventCountry "NED"]
[SourceTitle "playchess.com"]
[Source "ChessBase"]
[SourceQuality "1"]

{[%evp 14,77,5,0,7,18,15,0,36,23,37,29,27,38,35,6,27,-8,32,23,66,41,109,103,97,112,98,97,110,107,91,84,129,137,243,245,245,214,363,341,314,317,444,404,419,410,417,316,303,290,257,205,301,276,583,575,858,845,988,829,831,822,822,800,1225,1196]} 1. g3 Nf6 2. Bg2 e6 3. c4 d5 4. Nf3 d4 5. e3 c5 6. exd4 cxd4 7. O-O Nc6 8. d3 Be7 {A13: English Opening: 1...e6} (8... Bd6 9. Na3 O-O 10. Nc2 e5 11. b4 a6 12. c5 Bc7 13. a4 e4 14. dxe4 d3 15. Nce1 Nxb4 16. Ba3 {½-½ (35) Anton Guijarro,D (2678)-Wang,H (2725) Changsha 2019}) 9. Na3 {[%cal Bb1a3,Ba3c2,Bc2b4,Bb4d5][%mdl 32]} O-O 10. Re1 Ne8 {The position is equal.} 11. Nc2 a5 12. a3 f6 13. Bd2 $36 {[%mdl 2048] Black is under pressure.} a4 14. Nb4 Nc7 15. b3 Na5 $146 ({Predecessor:} 15... axb3 16. Qxb3 Kh8 17. Nxc6 bxc6 18. Qb6 c5 19. Bf4 Na6 20. Qxd8 Rxd8 21. Nxd4 cxd4 22. Bxa8 Nc5 23. Bc7 {1-0 (23) Odendahl,R (2352)-Lai,H (2460) Dieren 2019}) 16. bxa4 e5 17. Qc2 (17. Nd5 $5) 17... Ne6 (17... Be6 $14) 18. Nd5 $16 Bd6 19. Bb4 Nc5 20. Nd2 Bf5 21. Bxc5 Bxc5 22. f4 Nc6 23. Rab1 Qa5 (23... Ra7 $16 {keeps fighting.}) 24. Rb5 $18 Qa7 25. Reb1 Bxa3 (25... exf4 {was necessary.} 26. gxf4 Rab8) 26. Nb6 Rae8 27. c5 exf4 (27... Kh8 $142 28. Ndc4 exf4 29. gxf4 Nb4) 28. Qa2+ Kh8 29. Qxa3 fxg3 30. hxg3 Re3 31. Nf1 Rxd3 32. Qa2 {[#] Qd5 is the strong threat.} Ne5 (32... Rc3 $142) 33. Qd5 {Strongly threatening Nc4.} Qb8 $2 (33... Re8 {is more resistant.} 34. Ra1 Rc3 35. Qxb7 Qxb7 36. Bxb7 Bd3) 34. Nc4 {White is clearly winning.} Rc3 35. Rxb7 Qd8 36. Qxd8 Rxd8 37. Rb8 {[%cal Rb8d8] [#]} Bc8 38. Nd6 Rxc5 39. Nb7 {[%mdl 64] Double Attack. Accuracy: White = 84%, Black = 42%.} 1-0

[Event "23rd Hoogeveen Open 2019"]
[Site "Hoogeveen"]
[Date "2019.10.22"]
[Round "5.24"]
[White "De Jong, Migchiel"]
[Black "Ypma, Jord"]
[Result "1-0"]
[WhiteElo "2330"]
[BlackElo "2013"]
[Annotator "RC"]
[PlyCount "73"]
[EventDate "2019.10.19"]
[EventType "swiss"]
[EventCountry "NED"]
[SourceTitle "playchess.com"]
[Source "ChessBase"]
[SourceQuality "1"]
[TimeControl "40/5400+30:1800+30"]

1. e4 {[%emt 0:00:00]} c5 {[%emt 0:00:00]} 2. Nf3 {[%emt 0:00:00]} d6 {[%emt 0:00:07]} 3. d4 {[%emt 0:00:15]} cxd4 {[%emt 0:00:36]} 4. Nxd4 {[%emt 0:00:05]} Nf6 {[%emt 0:00:15]} 5. Nc3 {[%emt 0:00:07]} a6 {[%emt 0:00:17]} 6. Bc4 {[%emt 0:00:43]} e6 {[%emt 0:00:25]} 7. O-O {[%emt 0:00:33]} b5 {[%emt 0:00:16]} 8. Bb3 {[%emt 0:00:19]} Be7 {[%emt 0:00:22]} 9. Qf3 {[%emt 0:00:37]} Qc7 {[%emt 0:01:16]} 10. Qg3 {[%emt 0:00:30]} O-O {[%emt 0:00:23]} 11. Bh6 {[%emt 0:00:15]} Ne8 {[%emt 0:00:25]} 12. Rad1 {[%emt 0:01:12]} Bd7 {[%emt 0:03:00]} 13. Nce2 {[%emt 0:02:17]} Kh8 {[%emt 0:07:11]} 14. Bg5 {[%emt 0:00:10]} Nf6 {[%emt 0:05:04]} 15. Qh4 {[%emt 0:03:16]} Nc6 {[%emt 0:07:56]} 16. Nxc6 {[%emt 0:28:59]} Qxc6 {[%emt 0:06:24]} 17. Nd4 {[%emt 0:01:46]} Qb6 {[%emt 0:02:43]} 18. Rd3 {[%emt 0:01:41]} Rfc8 {[%emt 0:01:39]} 19. Rh3 {[%emt 0:05:48]} Kg8 {[%emt 0:02:36]} 20. Nf3 {[%emt 0:01:47]} Qc5 {[%emt 0:12:12]} 21. Re1 {[%emt 0:02:51]} Kf8 {[%emt 0:10:09]} 22. e5 {[%emt 0:00:30]} dxe5 {[%emt 0:00:24]} 23. Nxe5 {[%emt 0:00:27]} Be8 {[%emt 0:00:22]} 24. Nd3 {[%emt 0:05:57]} Qc7 {[%emt 0:05:48]} 25. Nf4 {[%emt 0:01:21]} Rd8 {[%emt 0:07:20]} 26. c3 {[%emt 0:04:50]} Bc6 {[%emt 0:15:14]} 27. Bxe6 {[%emt 0:01:09]} Be4 {[%emt 0:07:08]} 28. Bb3 {[%emt 0:00:57]} Bf5 {[%emt 0:00:28]} 29. Rhe3 {[%emt 0:02:28]} Re8 {[%emt 0:00:02]} 30. g4 {[%emt 0:01:04]} Be4 {[%emt 0:02:34]} 31. Bxf6 {[%emt 0:02:19]} Bxf6 {[%emt 0:00:43]} 32. g5 {[%emt 0:00:10]} Be5 {[%emt 0:00:53]} 33. Rxe4 {[%emt 0:00:30]} Bxf4 {[%emt 0:01:02]} 34. Qxh7 {[%emt 0:00:18]} Re5 {[%emt 0:01:06]} 35. Qh8+ {[%emt 0:00:49]} Ke7 {[%emt 0:00:05]} 36. Qxa8 {[%emt 0:00:07]} Bxh2+ {[%emt 0:00:08]} 37. Kg2 {[%emt 0:00:46]} 1-0

[Event "23rd Hoogeveen Open 2019"]
[Site "Hoogeveen"]
[Date "2019.10.22"]
[Round "5.25"]
[White "Van der Veen, Jan"]
[Black "De Boer, Eelke"]
[Result "0-1"]
[WhiteElo "2043"]
[BlackElo "2323"]
[Annotator "TA"]
[PlyCount "66"]
[EventDate "2019.10.19"]
[EventType "swiss"]
[EventCountry "NED"]
[SourceTitle "playchess.com"]
[Source "ChessBase"]
[SourceQuality "1"]

{[%evp 9,66,21,25,16,29,32,58,49,49,48,55,62,132,137,137,150,170,33,56,37,29,0,0,-7,0,-26,-12,-14,-16,-25,-18,-47,-49,-143,-134,-127,-140,-131,-133,-130,-135,-176,-178,-184,-172,-169,-175,-188,-177,-497,-497,-478,-299,-293,-299,-282,-269,-237,-244]} 1. e4 c5 2. Nf3 d6 3. Bb5+ Nd7 4. O-O a6 5. Bd3 Ngf6 6. Re1 {B51: Sicilian: Moscow Variation (3 Bb5+) without 3...Bd7} b5 (6... g6 7. c3 Bg7 8. Bc2 O-O 9. d4 e5 10. a4 Rb8 11. dxe5 Nxe5 12. Nxe5 dxe5 13. Qxd8 Rxd8 {½-½ (65) Amin,B (2707)-Artemiev,V (2761) Danzhou 2019}) 7. a4 Rb8 8. axb5 {White is slightly better.} axb5 9. Na3 Qa5 $146 {next ...b4 is good for Black.} ({Predecessor:} 9... b4 10. Nc4 e5 11. c3 Be7 12. Bc2 O-O {1-0 (43) Rostgaard,T (2359)-Aabling Thomsen,J (2384) Skorping 2017}) 10. c3 e5 ({Better is} 10... b4 $1 $14) 11. b4 $1 $16 {[%cal Rb4a5]} cxb4 12. cxb4 ({But not} 12. Nc2 $6 Qb6 $14) 12... Qxb4 13. Rb1 (13. Bf1 $1 $18) 13... Qa5 $1 $14 14. Rxb5 Rxb5 15. Bxb5 (15. Nxb5 {with more complications.} Be7 16. Qc2 Nc5 17. Ba3 Nfd7 18. Bc4) 15... Be7 16. d3 O-O 17. Qa4 Qxa4 18. Bxa4 Ba6 {Strongly threatening ...Nc5.} 19. d4 Rb8 20. Bxd7 Nxd7 21. Be3 {[#]} (21. Bd2 $15) 21... Bd3 $1 $36 {[%mdl 2048] Black is on the roll.} 22. Nd2 {[#]} d5 $1 {[%mdl 512]} 23. Nab1 (23. exd5 Bxa3) 23... dxe4 24. dxe5 Nxe5 25. Bf4 {[#]} Bd6 $1 {White must now prevent ...Nf3+!} 26. Nc3 f5 27. Nd5 Rb2 28. Nf1 Kf7 29. Bxe5 $2 (29. Ra1 {is more resistant.}) 29... Bxe5 $19 30. g3 Ke6 31. Nf4+ Bxf4 $1 32. gxf4 Bxf1 33. Kxf1 Rb3 {Accuracy: White = 49%, Black = 75%.} 0-1

[Event "23rd Hoogeveen Open 2019"]
[Site "Hoogeveen"]
[Date "2019.10.22"]
[Round "5.26"]
[White "Djukic, Sandra"]
[Black "Van der Hagen, Loek"]
[Result "0-1"]
[WhiteElo "2179"]
[BlackElo "1983"]
[Annotator "TA"]
[PlyCount "114"]
[EventDate "2019.10.19"]
[EventType "swiss"]
[EventCountry "NED"]
[SourceTitle "playchess.com"]
[Source "ChessBase"]
[SourceQuality "1"]

{[%evp 13,114,52,64,14,27,20,52,0,22,4,37,31,20,35,28,-22,0,0,29,11,22,-30,-34,-60,-73,-72,-73,-178,-180,-282,-143,-118,-35,-39,-42,-71,-61,-77,-51,-186,-194,-232,-220,-242,-237,-243,-239,-286,-260,-290,-303,-291,-251,-423,-355,-433,-398,-402,-382,-432,-433,-377,-414,-474,-381,-412,-394,-437,-404,-492,-493,-498,-483,-507,-453,-547,-544,-882,-795,-768,-731,-895,-675,-675,-675,-675,-675,-971,-675,-937,-940,-4050,-2004,-3562,-2710,-3168,-2880,-29981,-29982,-29981,-29981,-29981,-29981]} 1. d4 Nf6 2. c4 c5 3. d5 b5 4. cxb5 a6 5. b6 Qxb6 6. Nc3 d6 7. e4 g6 8. Qc2 {A57: Benko/Volga Gambit} (8. f4 Bg7 9. Nf3 O-O 10. Bc4 Qb4 11. Qb3 a5 12. a3 Qxb3 13. Bxb3 Ba6 14. Nd2 Ng4 15. h3 Ne3 16. Kf2 {0-1 (60) Nyzhnyk,I (2639)-Zherebukh,Y (2625) Rockville 2014}) 8... Bg7 9. Nf3 Nbd7 10. h3 {White is slightly better.} O-O 11. Be2 Bb7 12. O-O e6 13. dxe6 fxe6 14. e5 dxe5 $146 ({Predecessor:} 14... Nxe5 15. Nxe5 dxe5 16. Bg5 Qc6 17. f3 Nd5 18. Ne4 Rac8 19. Rac1 {½-½ (37) Spurga,J (1984)-Straub,P (2125) Dresden 2009}) 15. Ng5 Nd5 16. Bg4 Rae8 17. Rd1 (17. Qb3 $142 Rf5 18. Qxb6 N7xb6 19. Rb1) 17... N7f6 $11 18. Be2 Nxc3 19. bxc3 Qc6 {[%csl Gb7][%cal Rc6g2]} 20. Nf3 (20. f3 $17) 20... Nd5 $36 {[%mdl 2048] Keeping White busy.} 21. Bd2 {[#]} (21. Re1 {was necessary.}) 21... Nf4 (21... e4 $1 $19 {[%cal Re4f3][%mdl 512]} 22. Ne1 (22. Qxe4 Nxc3) 22... Qc7) 22. Bxf4 $17 exf4 (22... Rxf4 $17 23. Rab1 Ba8) 23. Rab1 $15 Kh8 24. Bc4 Re7 25. Qd2 e5 {...e4 is the strong threat.} 26. Qb2 {[#]} (26. Qd6 $15 Qxd6 27. Rxd6) 26... Qf6 $1 $19 27. Qb6 e4 $1 {[%csl LRc3,LRf3][%mdl 64] Discovered Attack} 28. Qxf6 Bxf6 29. Nd2 Bxc3 {Threatens to win with ...e3.} 30. Nb3 Bb4 31. Be2 e3 32. f3 Rc8 33. Rbc1 $2 (33. Nc1) 33... a5 34. a3 Bxa3 35. Ra1 Bb4 36. Nxa5 Bxa5 37. Rxa5 c4 38. Ra4 Rec7 39. Rc1 Bd5 40. g3 g5 41. Ra5 Rc5 42. Ra6 Kg7 43. h4 h6 44. h5 Bf7 45. g4 R8c6 46. Ra7 Kf6 47. Kf1 Bd5 48. Rh7 Ke5 49. Re7+ Re6 50. Rg7 Rcc6 51. Ke1 c3 52. Kd1 Bc4 53. Bxc4 Rxc4 54. Kc2 e2 55. Rg6 Rxg6 {Black mates.} 56. hxg6 Kd4 57. Ra1 Rc7 {Accuracy: White = 20%, Black = 70%.} 0-1

[Event "23rd Hoogeveen Open 2019"]
[Site "Hoogeveen"]
[Date "2019.10.22"]
[Round "5.27"]
[White "Achuthan, Dylan"]
[Black "Van Foreest, Machteld"]
[Result "0-1"]
[WhiteElo "1865"]
[BlackElo "2142"]
[Annotator "ChessBase"]
[PlyCount "128"]
[EventDate "2019.10.19"]
[EventType "swiss"]
[EventCountry "NED"]
[SourceTitle "playchess.com"]
[Source "ChessBase"]
[SourceQuality "1"]
[TimeControl "40/5400+30:1800+30"]

1. e4 {[%emt 0:00:00]} c5 {[%emt 0:00:00]} 2. Nf3 {[%emt 0:00:00]} d6 {[%emt 0:00:00]} 3. c3 {[%emt 0:00:00]} Nf6 {[%emt 0:00:00]} 4. Be2 {[%emt 0:00:03]} g6 {[%emt 0:00:00]} 5. O-O {[%emt 0:01:04]} Bg7 {[%emt 0:00:08]} 6. Re1 {[%emt 0:00:46]} e5 {[%emt 0:04:28]} 7. d4 {[%emt 0:11:41]} cxd4 {[%emt 0:10:50]} 8. cxd4 {[%emt 0:00:27]} O-O {[%emt 0:22:58]} 9. Nc3 {[%emt 0:11:03]} Nc6 {[%emt 0:01:26]} 10. dxe5 {[%emt 0:12:34]} dxe5 {[%emt 0:00:32]} 11. Be3 {[%emt 0:12:32]} Be6 {[%emt 0:07:03]} 12. Ng5 {[%emt 0:07:50]} Qxd1 {[%emt 0:06:12]} 13. Raxd1 {[%emt 0:00:48]} Bg4 {[%emt 0:00:23]} 14. f3 {[%emt 0:11:33]} Bd7 {[%emt 0:04:38]} 15. Bc5 {[%emt 0:01:58]} Rfd8 {[%emt 0:01:55]} 16. Bc4 {[%emt 0:01:18]} Be8 {[%emt 0:00:05]} 17. Nd5 {[%emt 0:11:12]} h6 {[%emt 0:08:48]} 18. Nh3 {[%emt 0:00:01]} Rac8 {[%emt 0:01:55]} 19. Bb3 {[%emt 0:09:34]} Nxd5 {[%emt 0:07:50]} 20. Bxd5 {[%emt 0:00:00]} b6 {[%emt 0:01:31]} 21. Be3 {[%emt 0:00:57]} Nb4 {[%emt 0:01:36]} 22. Bb3 {[%emt 0:01:11]} Bb5 {[%emt 0:05:39]} 23. Nf2 {[%emt 0:01:20]} Ba6 {[%emt 0:03:40]} 24. a3 {[%emt 0:00:23]} Rxd1 {[%emt 0:01:08]} 25. Rxd1 {[%emt 0:01:54]} Nc2 {[%emt 0:00:04]} 26. Bxc2 {[%emt 0:01:12]} Rxc2 {[%emt 0:00:02]} 27. Rd2 {[%emt 0:00:11]} Rxd2 {[%emt 0:05:24]} 28. Bxd2 {[%emt 0:00:01]} Be2 {[%emt 0:00:07]} 29. Bc3 {[%emt 0:00:30]} f5 {[%emt 0:00:54]} 30. Nh1 {[%emt 0:02:21]} f4 {[%emt 0:02:03]} 31. Kf2 {[%emt 0:00:22]} Bc4 {[%emt 0:00:28]} 32. b4 {[%emt 0:00:20]} Kf7 {[%emt 0:00:15]} 33. g3 {[%emt 0:00:46]} g5 {[%emt 0:00:04]} 34. Ke1 {[%emt 0:00:15]} Ke6 {[%emt 0:00:19]} 35. Nf2 {[%emt 0:00:26]} Bb5 {[%emt 0:03:53]} 36. Nd1 {[%emt 0:00:36]} h5 {[%emt 0:00:41]} 37. Kf2 {[%emt 0:00:17]} Bf8 {[%emt 0:00:23]} 38. Nb2 {[%emt 0:00:49]} a5 {[%emt 0:00:32]} 39. bxa5 {[%emt 0:00:28]} Bxa3 {[%emt 0:00:03]} 40. axb6 {[%emt 0:00:26]} Bc5+ {[%emt 0:00:09]} 41. Kg2 {[%emt 0:30:30]} Bxb6 {[%emt 0:30:05]} 42. gxf4 {[%emt 0:00:31]} exf4 {[%emt 0:00:00]} 43. h3 {[%emt 0:00:00]} Be2 {[%emt 0:00:00]} 44. Na4 {[%emt 0:00:00]} Ba7 {[%emt 0:00:00]} 45. Be1 {[%emt 0:00:00]} Ke5 {[%emt 0:00:00]} 46. Bf2 {[%emt 0:00:57]} Bxf2 {[%emt 0:00:00]} 47. Kxf2 {[%emt 0:00:00]} Bc4 {[%emt 0:00:00]} 48. Nc5 {[%emt 0:01:35]} Kd6 {[%emt 0:00:00]} 49. Nb7+ {[%emt 0:01:00]} Kc7 {[%emt 0:00:00]} 50. Nc5 {[%emt 0:00:13]} Kc6 {[%emt 0:00:00]} 51. Na4 {[%emt 0:00:02]} Be6 {[%emt 0:00:24]} 52. Kg2 {[%emt 0:00:01]} Kb5 {[%emt 0:00:43]} 53. Nc3+ {[%emt 0:00:07]} Kc4 {[%emt 0:00:06]} 54. Ne2 {[%emt 0:00:14]} Kd3 {[%emt 0:00:05]} 55. Ng1 {[%emt 0:00:33]} Ke3 {[%emt 0:00:14]} 56. Kf1 {[%emt 0:00:30]} Bf7 {[%emt 0:00:36]} 57. Kg2 {[%emt 0:02:09]} Bc4 {[%emt 0:00:04]} 58. Kh2 {[%emt 0:00:53]} Kf2 {[%emt 0:00:22]} 59. Kh1 {[%emt 0:00:13]} Kg3 {[%emt 0:01:17]} 60. e5 {[%emt 0:00:34]} Bf1 {[%emt 0:00:08]} 61. Ne2+ {[%emt 0:00:31]} Bxe2 {[%emt 0:00:04]} 62. e6 {[%emt 0:00:03]} Bxf3+ {[%emt 0:00:08]} 63. Kg1 {[%emt 0:00:04]} Bc6 {[%emt 0:00:06]} 64. e7 {[%emt 0:00:02]} f3 {[%emt 0:00:02]} 0-1

[Event "23rd Hoogeveen Open 2019"]
[Site "Hoogeveen"]
[Date "2019.10.22"]
[Round "5.28"]
[White "Pekin, Tolgay"]
[Black "Albers, Sasa"]
[Result "1-0"]
[WhiteElo "2083"]
[BlackElo "1975"]
[Annotator "NA"]
[PlyCount "69"]
[EventDate "2019.10.19"]
[EventType "swiss"]
[EventCountry "NED"]
[SourceTitle "playchess.com"]
[Source "ChessBase"]
[SourceQuality "1"]
[TimeControl "40/5400+30:1800+30"]

1. e4 {[%emt 0:00:00]} c6 {[%emt 0:00:00]} 2. d4 {[%emt 0:00:01]} d5 {[%emt 0:00:00]} 3. e5 {[%emt 0:00:23]} c5 {[%emt 0:00:00]} 4. dxc5 {[%emt 0:00:39]} e6 {[%emt 0:00:00]} 5. a3 {[%emt 0:00:12]} (5. Bd3 Bxc5 6. Qg4 Ne7 7. b4 h5 8. Qf4 Bb6 9. Nf3 Nbc6 10. Nbd2 a5 11. b5 Nb4 12. Ba3 Nxd3+ 13. cxd3 {1-0 (25) Dominguez Perez,L (2760)-Nepomniachtchi,I (2775) Dortmund 2019}) 5... Bxc5 {[%emt 0:00:00]} 6. Nf3 {[%emt 0:00:27] B12: Caro-Kann: Advance Variation} Nd7 {[%emt 0:00:16]} 7. b4 {[%emt 0:00:44]} Be7 {[%emt 0:00:02]} 8. Bb2 $146 {[%emt 0:00:20]} ({Predecessor:} 8. Bd3 a5 9. b5 f6 10. Bb2 fxe5 11. Nxe5 Nxe5 12. Bxe5 Nf6 {½-½ (64) Forcen Esteban,D (2541)-Epishin,V (2536) Roquetas de Mar 2018}) 8... Nh6 {[%emt 0:00:02]} 9. Bd3 {[%emt 0:00:24]} a5 {[%emt 0:00:05]} 10. b5 {[%emt 0:01:41]} O-O {[%emt 0:01:03]} 11. O-O {[%emt 0:01:22]} Qc7 {[%emt 0:03:41]} 12. Qe2 {[%emt 0:01:44]} Nc5 {[%emt 0:01:14]} 13. Nbd2 {[%emt 0:00:53]} Nxd3 {[%emt 0:05:11]} 14. cxd3 {[%emt 0:04:40]} Nf5 {[%emt 0:00:33]} 15. Rfc1 {[%emt 0:05:41]} Qb6 {[%emt 0:00:35]} 16. a4 {[%emt 0:02:49]} Bd7 {[%emt 0:00:05]} 17. g4 {[%emt 0:03:07]} Nh6 {[%emt 0:16:35]} 18. Bd4 {[%emt 0:09:11]} Qd8 {[%emt 0:00:06]} 19. h3 {[%emt 0:00:45]} f5 {[%emt 0:09:18]} 20. exf6 {[%emt 0:04:25]} Bxf6 {[%emt 0:00:09]} 21. Ne5 {[%emt 0:03:44]} Nf7 {[%emt 0:01:58]} 22. Ndf3 {[%emt 0:04:15]} Nxe5 {[%emt 0:01:20]} 23. Bxe5 {[%emt 0:00:47]} Rc8 {[%emt 0:02:07]} 24. Qe3 {[%emt 0:01:48]} Qe7 {[%emt 0:19:17]} 25. Kg2 {[%emt 0:04:06]} Qf7 {[%emt 0:09:39]} 26. Rxc8 {[%emt 0:02:14]} Bxc8 {[%emt 0:03:46]} (26... Rxc8 $16 27. Rc1 Rxc1 28. Qxc1 h5) 27. Rc1 {[%emt 0:00:22]} Bxe5 {[%emt 0:00:36]} 28. Nxe5 {[%emt 0:00:14]} Qe7 {[%emt 0:00:33]} 29. b6 {[%emt 0:05:51]} Qf6 {[%emt 0:06:47]} 30. Rc7 {[%emt 0:00:33]} h6 {[%emt 0:01:54]} 31. f3 $18 {[%emt 0:01:05]} Kh8 {[%emt 0:02:03]} 32. d4 {[%emt 0:00:25]} Kg8 {[%emt 0:00:06]} 33. Qc1 {[%emt 0:00:09]} Qd8 {[%emt 0:00:50]} 34. Ng6 {[%emt 0:00:18]} Re8 {[%emt 0:00:27]} 35. Rxc8 {[%emt 0:00:22]} 1-0